ČSN EN 13523-22 (03 8761) : Kontinuálně lakované kovové pásy - Metody zkoušení - Část 22: Rozdíl barevných odstínů - Vizuální porovnání : Září, 2017

Saved in:
Bibliographic Details
Format: Book
Language:Czech
Published: Praha Úřad pro technickou normalizaci, metrologie a státní zkušebnictví 2017
Subjects:
Tags: Add Tag
No Tags, Be the first to tag this record!

MARC

LEADER 00000nam a22000003a 4500
001 0105500
003 SK-STU
005 20231010130202.6
007 ta
008 231010s ----xo-----e------000-0-----d
040 |a STU  |b slo 
041 0 |a cze 
044 |a xr 
245 1 0 |a ČSN EN 13523-22 (03 8761) :  |b Kontinuálně lakované kovové pásy - Metody zkoušení - Část 22: Rozdíl barevných odstínů - Vizuální porovnání : Září, 2017 
260 |a Praha  |b Úřad pro technickou normalizaci, metrologie a státní zkušebnictví  |c 2017 
300 |a 11 s. 
500 |a Touto nermou se nahrazuje ČSN EN 13523-22 (03 8761) z října 2010 
650 0 7 |a kvalita 
650 0 7 |a manažment 
996 |b 284M089436  |c M* N-1731-1  |l MMKN  |s A  |a 24  |w 0105500_0001